| 000 | 00465nam a2200181 a 4500 | ||
|---|---|---|---|
| 001 | 1757401823319 | ||
| 003 | YourLibrary | ||
| 005 | 20250909124818.0 | ||
| 008 | 250909s2001##################000#0#eng## | ||
| 020 | _a9781901250961 | ||
| 082 | 0 | 4 |
_a133.8 _bRIF |
| 100 | 1 |
_aRifat, Tim, _eauthor. |
|
| 245 | 1 | 0 | _aRemote Viewing : |
| 260 |
_bVISION Paperbacks, _c2001. |
||
| 650 | 0 | _aEspionage, American. | |
| 942 | _cENGLISH | ||
| 040 |
_aYourLibrary _beng _cYourLibrary |
||
| 999 |
_c586114 _d586114 |
||